U.S. Geography by Letter - G - Statistics

General Stats
  • This quiz has been taken 39,608 times
    16,080 since last reset
  • The average score is 14 of 20
Answer Stats
Clue Answer % Correct
San Francisco's most famous bridge {Golden} {Gate} Bridge
99%
"The Peach State" Georgia
98%
Michigan, Erie, Superior, Huron, or Ontario {Great} {Lake}
98%
Mile-deep gorge in Arizona {Grand} {Canyon}
92%
U.S. naval base in Cuba {Guantánamo} Bay
88%
Civil War battleground located in Pennsylvania Gettysburg
87%
U.S. territory located in Micronesia Guam
82%
The vast flat area in the middle of North America The {Great} {Plains}
80%
Elvis's former home Graceland
70%
Decaying industrial city in Indiana where Michael Jackson was born Gary
69%
Lower Manhattan neighborhood often simply called "The Village" {Greenwich} Village
68%
Nickname of New Jersey The {Garden} State
66%
Oldest university in Washington D.C. Georgetown
63%
The smallest city in the U.S. with a major professional sports team Green Bay
59%
Texas city on a barrier island where a hurricane killed 8,000 people in 1900 – the deadliest natural disaster in U.S. history Galveston
57%
Located in St. Louis, it's the smallest national park in the U.S. {Gateway} Arch
57%
Michigan's second biggest city Grand Rapids
52%
National Park in northern Montana Glacier
43%
U.S. territorial acquisition of 1853 {Gadsden} Purchase
27%
The longest river in Arizona (by length within the state) {Gila} River
26%
No matching quizzes found
Score Distribution
Percent of People with Each Score
Percentile by Number Answered
Your Score History
You have not taken this quiz since the last reset